El yo minimalista y otras conversaciones
Guardat en:
| Autor principal: | |
|---|---|
| Format: | Llibre |
| Idioma: | espanyol |
| Publicat: |
Buenos Aires
La Marca
1996
|
| Edició: | 1a. ed |
| Col·lecció: | Biblioteca de la Mirada
|
| Matèries: | |
| Etiquetes: |
Afegir etiqueta
Sense etiquetes, Sigues el primer a etiquetar aquest registre!
|
MARC
| LEADER | 00000cam a2200000 a 4500 | ||
|---|---|---|---|
| 001 | UCF3463 | ||
| 003 | CL-VaPUC | ||
| 008 | 121011e19960000AG |||||||||||||||||spa|d | ||
| 020 | |a 9789508891754 | ||
| 082 | 0 | 4 | |a 190 |b FOU |2 21 |
| 100 | |a Foucault, Michel |e author |9 257945 | ||
| 245 | 1 | 3 | |a El yo minimalista y otras conversaciones |
| 250 | |a 1a. ed | ||
| 300 | |a 190 p | ||
| 942 | |c BK | ||
| 945 | |d 20121011 00:00:00 |a dcastane | ||
| 260 | |a Buenos Aires |b La Marca |c 1996 | ||
| 500 | |a Incluye Deseo y placer de Gilles Deleuze | ||
| 650 | 0 | |a Filosofía |9 223554 | |
| 650 | 7 | |a PODER |2 CL-VaPUC |9 565297 | |
| 650 | 0 | |a Estado |9 255503 | |
| 650 | 0 | |a Ética |9 255099 | |
| 583 | |a last modification |c 20121011 12:23:00 |k Rodrigo Vera | ||
| 490 | 0 | |a Biblioteca de la Mirada | |
| 999 | |c 349785 |d 349783 | ||
| 952 | |0 0 |1 0 |4 0 |6 190_000000000000000_FOU_1996 |7 0 |8 A |9 452564 |a BIBARQ |b BIBARQ |d 2019-11-22 |i 4914449 |o 190 FOU 1996 |p 4914449 |r 2025-01-20 |w 2019-11-22 |y BK |k ARQ | ||